• 首页
  • 本馆介绍
  • 公告通知
  • 最新文献
  • 馆藏检索
  • 电子资源
  • 读者导购
  • 参考咨询
  • 我的图书馆
  • 登录
  • 详细信息显示
  • 放入我的书架
  • 预约/预借图书
  • 作者相关作品
  • 分类相关作品
  • 丛书相关作品
  • 出版社相关作品

书目信息

  • 表格格式
  • 工作单格式
  • 卡片格式
题名:
文化如此流动
    
 
作者: 张骁儒 主编
分册:  
出版信息: 北京   社会科学文献出版社  2015
页数: 231页
开本: 24cm
丛书名:
单 册:
中图分类: G0
科图分类:
主题词: 文化理论--Wen Hua Li Lun--研究
电子资源:
ISBN: 978-7-5097-8244-6
000 00971nam0 22002411 450
001 350053
005 20161010090901.92
010    @a978-7-5097-8244-6@dCNY49.00
100    @a20160114d2015 em y0chiy50 ea
101 0  @achi
102    @aCN@b110000
105    @ay z 000yy
106    @ar
200 1  @a文化如此流动@AWen Hua Ru Ci Liu Dong@dCultures flow like this@f张骁儒主编@zeng
210    @a北京@c社会科学文献出版社@d2015
215    @a231页@d24cm
330    @a本书是在考察分析全球化背景下文化流动的客观现实的基础上,研究了文化在历史与空间中流动的客观规律,并以文化流动的实例和效应作为理论创新的立足点,对长期被人们认同和奉行的“文化积淀论”进行了深入探讨,对理解文化的方式进行了重新解读,对文化研究的思维方式,提供了一种新的理论参照。
510 1  @aCultures flow like this@zeng
606 0  @a文化理论@AWen Hua Li Lun@x研究
690    @aG0@v5
701  0 @a张骁儒@AZhang Xiao Ru@f(1959~)@4主编
801  0 @aCN@bTANGWEI@20160802
905    @b0888090-4@dG0@e100@f5
    
    文化如此流动=Cultures flow like this/张骁儒主编.-北京:社会科学文献出版社,2015
    231页;24cm
    
    
    ISBN 978-7-5097-8244-6:CNY49.00
    本书是在考察分析全球化背景下文化流动的客观现实的基础上,研究了文化在历史与空间中流动的客观规律,并以文化流动的实例和效应作为理论创新的立足点,对长期被人们认同和奉行的“文化积淀论”进行了深入探讨,对理解文化的方式进行了重新解读,对文化研究的思维方式,提供了一种新的理论参照。
●
相关链接 在E读中查询图书 在五车中查询图书 在当当中查询图书 在豆瓣中查询图书


正题名:文化如此流动     索取号:G0/100         预约/预借

序号 登录号 条形码 馆藏地/架位号 状态 备注
1 0888090   208880905   第一样本阅览室/ [索取号:G0/100] 在馆    
2 0888091   208880914   第四借阅区/ [索取号:G0/100] 在馆    
3 0888092   208880923   第四借阅区/ [索取号:G0/100] 在馆    
4 0888093   208880932   第四借阅区/ [索取号:G0/100] 在馆    
5 0888094   208880941   第四借阅区/ [索取号:G0/100] 在馆    
唐山师范学院图书馆 欢迎您!
大连网信软件有限公司© 版权所有